| 000 | 00510nam a2200169Ia 4500 | ||
|---|---|---|---|
| 008 | 090201s9999 xx 000 0 und d | ||
| 010 | _aKPL-27725 | ||
| 040 | _bमराठी | ||
| 041 | _aमराठी | ||
| 082 |
_a26880 _b27725 |
||
| 100 | _aडेनिस किन्केड | ||
| 245 |
_aमहान बंडखोर _cडेनिस किन्केड |
||
| 260 |
_c2004 _bअ.ब.क. |
||
| 300 |
_a242 _bमोठा |
||
| 600 | _aमहान बंडखोर | ||
| 942 | _cBOOK | ||
| 999 |
_c225916 _d225916 |
||